15 plus grandes villes des pays des Balkans (avec une carte) - Statistiques

Statistiques générales
  • Ce quiz a été pris 104 fois
  • Le résultat moyen est 11 sur 15
Réponses sur la Carte
Les réponses sont colorées sur une échelle allant du rouge au vert en fonction du pourcentage des utilisateurs qui les ont devinées à leur premier essai. Vous pouvez retrouver ces pourcentages ci-dessous.
 
Statistiques - réponses
Pays Ville Population % Correct
Grèce Athènes 3,1 million
100%
Roumanie Bucarest 1,7 million
98%
Bulgarie Sofia 1,2 million
95%
Croatie Zagreb 660 mille
95%
Serbie Belgrade 1,2 million
92%
Bosnie-Herzégovine Sarajevo 350 mille
92%
Albanie Tirana 390 mille
90%
Macédoine du Nord Skopje 420 mille
85%
Grèce Thessalonique 800 mille
74%
Moldavie Chisinau 565 mille
71%
Slovénie Ljubljana 290 mille
66%
Bulgarie Varna 320 mille
37%
Bulgarie Plovdiv 330 mille
36%
Roumanie Cluj-Napoca 285 mille
30%
Roumanie Iasi 270 mille
29%
Aucun quiz correspondant
Distribution des résultats
% des personnes avec chaque résultat
Percentile par nombre de réponses
Votre historique - résultats
Vous n’avez pas pris ce quiz